DOFUS Classes - Statistiques

Statistiques générales
  • Ce quiz a été pris 373 fois
  • Le résultat moyen est 12 sur 19
Statistiques - réponses
Hint Réponse % Correct
I Iop
89%
C Cra
84%
X Xelor
82%
O Osamodas
74%
E Eniripsa
73%
S Sadida
73%
F Feca
71%
R Roublard
71%
Z Zobal
71%
E Enutrof
70%
S Sacrieur
65%
S Sram
63%
E Ecaflip
56%
P Pandawa
53%
O Ouginak
49%
E Eliotrope
46%
S Steamer
40%
F Forgelance
36%
U Uppermage
32%
Aucun quiz correspondant
Distribution des résultats
% des personnes avec chaque résultat
Percentile par nombre de réponses
Votre historique - résultats
Vous n’avez pas pris ce quiz